[Event "Est ch 2020 U18"]
[Site "?"]
[Date "2020.01.24"]
[Round "3.9"]
[White "Tomson, Mihkel"]
[Black "Savinov, Matvei"]
[Result "0-1"]
[WhiteElo "1727"]
[BlackElo "1857"]
[PlyCount "90"]
[SourceVersionDate "2020.02.03"]

1. e4 e5 2. Nf3 Nc6 3. Bb5 a6 4. Ba4 Nf6 5. d3 b5 6. Bb3 Bc5 7. O-O d6 8. c3
O-O 9. Re1 Re8 10. h3 Bb7 11. Nbd2 d5 12. exd5 Nxd5 13. Ne4 Bb6 14. Bg5 Qd7 15.
Qd2 Kh8 16. Bxd5 Qxd5 17. Nf6 Qe6 18. Nxe8 Rxe8 19. Be3 Ba5 20. b4 Bb6 21. Bxb6
cxb6 22. Qe2 Qg6 23. Qe4 f5 24. Qe3 Ne7 25. Qg5 Bxf3 26. Qxg6 Nxg6 27. gxf3 Nh4
28. Re2 g5 29. a4 bxa4 30. Rxa4 Rd8 31. Rxa6 Rxd3 32. Kf1 Nxf3 33. Re3 Rxe3 34.
fxe3 Nd2+ 35. Ke2 Nc4 36. Ra7 g4 37. Rf7 Nd6 38. Rc7 gxh3 39. Kf1 f4 40. exf4
exf4 41. Rc6 Ne4 42. c4 Kg7 43. Re6 Ng3+ 44. Kg1 f3 45. Re3 h2+ 0-1

[Event "Est ch 2020 U18"]
[Site "?"]
[Date "2020.01.24"]
[Round "3.10"]
[White "Orgse, Karl Kristofer"]
[Black "Padari, Tuudur Jakob"]
[Result "1/2-1/2"]
[WhiteElo "1969"]
[BlackElo "1629"]
[PlyCount "156"]
[SourceVersionDate "2020.02.03"]

1. e4 e5 2. Nf3 Nc6 3. Bb5 a6 4. Bxc6 dxc6 5. d4 exd4 6. Qxd4 Qxd4 7. Nxd4 Bd7
8. Be3 O-O-O 9. f3 Bd6 10. Kf2 Ne7 11. g4 Ng6 12. Nc3 c5 13. Nf5 Bxf5 14. gxf5
Nf4 15. Rad1 Be5 16. Bxc5 Bxc3 17. bxc3 b6 18. Be3 Nh5 19. Rd3 g6 20. fxg6 hxg6
21. Rhd1 Ng7 22. Bd4 Rxh2+ 23. Kg3 Rh7 24. Bxg7 Rxd3 25. cxd3 Rxg7 26. Rh1 Kd7
27. Kg4 Ke6 28. Rh6 Ke7 29. f4 Rg8 30. Rh2 Rd8 31. d4 Rd6 32. Rh8 Rc6 33. Rh3
Rc4 34. f5 gxf5+ 35. Kxf5 Rc6 36. e5 Rg6 37. Ke4 Rg2 38. a3 Rg6 39. Kd5 Kd7 40.
Rf3 Ke7 41. a4 Rh6 42. a5 b5 43. c4 bxc4 44. Rc3 Kd7 45. Rxc4 Rg6 46. Rc3 Rh6
47. Rf3 Ke7 48. Rg3 Kd7 49. Rg8 Ke7 50. Kc5 Kd7 51. Rg7 Ke8 52. Rg4 Ke7 53. Rf4
Rg6 54. d5 Rg5 55. Rf6 Rxe5 56. Rxa6 Kd7 57. Rf6 Ke7 58. Rf4 Rg5 59. a6 Rg8 60.
Kc6 Rg6+ 61. Kb7 Rb6+ 62. Ka7 Rb1 63. Ka8 f6 64. a7 Kd6 65. Rxf6+ Kxd5 66. Rf5+
Kd4 67. Rf4+ Kd5 68. Rf7 Kc6 69. Rf8 Rb2 70. Rb8 Rh2 71. Rb1 Rh8+ 72. Rb8 Rh2
73. Rg8 Rb2 74. Rg6+ Kd7 75. Rh6 Rb1 76. Rh8 Kc6 77. Rb8 Rh1 78. Rb1 Rxb1
1/2-1/2

[Event "Est ch 2020 U18"]
[Site "?"]
[Date "2020.01.24"]
[Round "3.11"]
[White "Nazarov, Vladislav"]
[Black "Rikas, Artur"]
[Result "1/2-1/2"]
[WhiteElo "1761"]
[BlackElo "1809"]
[PlyCount "123"]
[SourceVersionDate "2020.02.03"]

1. d4 Nf6 2. c4 c5 3. d5 e6 4. Nc3 exd5 5. cxd5 d6 6. e4 g6 7. Nf3 Bg7 8. Bd3
O-O 9. O-O Bg4 10. h3 Bxf3 11. Qxf3 Nbd7 12. Bf4 Qe7 13. Qe2 a6 14. a4 Rac8 15.
Rae1 Rfe8 16. Bg5 Qf8 17. f4 Nh5 18. Qg4 Rc7 19. Qf3 Bd4+ 20. Kh1 f6 21. Bh4 c4
22. Bc2 Ng7 23. g4 Rcc8 24. Bf2 Bc5 25. Bxc5 Nxc5 26. Qg3 Re7 27. e5 Rce8 28.
e6 f5 29. g5 Nh5 30. Qe3 Rb8 31. Bd1 Nd3 32. Re2 b5 33. axb5 axb5 34. Rg2 Ng7
35. Qd4 Rc7 36. Rc2 Qe7 37. Be2 Nc5 38. Na2 Ne4 39. Kg2 Qe8 40. Bf3 Ra8 41. Nb4
Ra4 42. Nc6 Nxe6 43. dxe6 Qxc6 44. Bxe4 Qxe4+ 45. Qxe4 fxe4 46. Rd1 Ra6 47.
Rcd2 Rcc6 48. Kf2 Kf8 49. Ke3 Ke7 50. Kxe4 Kxe6 51. Kd4 Rab6 52. Kc3 b4+ 53.
Kc2 Rb5 54. Rd4 d5 55. Re1+ Kd6 56. Re8 Kc5 57. Rxd5+ Kxd5 58. Re5+ Kd4 59.
Rxb5 b3+ 60. Kd2 Ke4 61. Rb7 Kxf4 62. h4 1/2-1/2

[Event "Est ch 2020 U18"]
[Site "?"]
[Date "2020.01.24"]
[Round "3.12"]
[White "Raide, Sivert"]
[Black "Shnurov, Daniil"]
[Result "0-1"]
[WhiteElo "1607"]
[BlackElo "1752"]
[PlyCount "100"]
[SourceVersionDate "2020.02.03"]

1. d4 Nf6 2. c4 e6 3. Nf3 d5 4. e3 c6 5. Nc3 Nbd7 6. Be2 Bd6 7. O-O O-O 8. cxd5
exd5 9. Bd2 Re8 10. Rc1 Nf8 11. Qc2 Bg4 12. h3 Bh5 13. Nh4 Bxe2 14. Nxe2 Ne4
15. Nf5 Bc7 16. Nc3 Nxd2 17. Qxd2 Qg5 18. Qd3 g6 19. Ng3 Bxg3 20. fxg3 Rxe3 21.
Qd2 Rxg3 22. Qxg5 Rxg5 23. Rce1 Ne6 24. Na4 Re8 25. Nc5 Re7 26. g4 h5 27. Rf6
Kg7 28. Rfxe6 fxe6 29. Rxe6 Rxe6 30. Nxe6+ Kf6 31. Nxg5 Kxg5 32. gxh5 gxh5 33.
Kg2 Kf4 34. Kf2 h4 35. b3 Ke4 36. a3 a5 37. a4 b6 38. Ke2 Kxd4 39. Kf3 Kc3 40.
Kg4 d4 41. Kxh4 d3 42. Kg5 d2 43. h4 d1=Q 44. h5 Qxh5+ 45. Kxh5 Kxb3 46. Kg4
Kxa4 47. Kf3 Kb3 48. Ke2 a4 49. Kd1 Kb2 50. Kd2 a3 0-1

[Event "Est ch 2020 U18"]
[Site "?"]
[Date "2020.01.24"]
[Round "3.13"]
[White "Makarov, Gleb"]
[Black "Naestema, Joonas Aditya"]
[Result "1/2-1/2"]
[WhiteElo "1671"]
[BlackElo "1563"]
[PlyCount "109"]
[SourceVersionDate "2020.02.03"]

1. d4 d5 2. c4 e6 3. Nf3 Nf6 4. Nbd2 c5 5. cxd5 Nxd5 6. g3 Nc6 7. dxc5 Bxc5 8.
Bg2 O-O 9. O-O b6 10. Ne4 Be7 11. Qc2 Ncb4 12. Qb3 Bb7 13. a3 Nc6 14. Rd1 Qc7
15. Bd2 Rad8 16. Rac1 Qb8 17. Nc3 Na5 18. Qa2 Nxc3 19. bxc3 Bd5 20. c4 Nxc4 21.
Rxc4 b5 22. Bf4 Bxc4 23. Qc2 Rxd1+ 24. Qxd1 Qd8 25. Qc2 Qa5 26. h4 Qxa3 27. Ng5
Bxg5 28. Bxg5 Qb3 29. Qe4 Qd1+ 30. Kh2 Qxe2 31. Qd4 Bd5 32. Bxd5 exd5 33. Qxa7
Qb2 34. Be3 Qb3 35. Bc5 Qa4 36. Qd7 Qa8 37. Bxf8 Qxf8 38. Qxb5 Qd8 39. Qd3 Qb6
40. Qf5 Qe6 41. Qf4 g6 42. Qb8+ Kg7 43. Qb2+ Qf6 44. Qd2 d4 45. Kg2 Qc6+ 46.
Kg1 Qc3 47. Qf4 d3 48. Qe3 Qc2 49. Qd4+ f6 50. Qa7+ Kh6 51. Qe3+ g5 52. hxg5+
fxg5 53. Qe6+ Kh5 54. Qh3+ Kg6 55. Qe6+ 1/2-1/2

[Event "Est ch 2020 U18"]
[Site "?"]
[Date "2020.01.24"]
[Round "3.14"]
[White "Savustjan, Arseni"]
[Black "Kuldmaa, Tanel"]
[Result "1-0"]
[WhiteElo "1461"]
[BlackElo "1666"]
[PlyCount "59"]
[SourceVersionDate "2020.02.03"]

1. e4 c5 2. Nf3 Nc6 3. d4 cxd4 4. Nxd4 a6 5. Be3 e6 6. a3 Qc7 7. Nc3 Nf6 8. Be2
d6 9. O-O Be7 10. f4 O-O 11. Qe1 Nxd4 12. Bxd4 e5 13. Be3 b5 14. Qg3 Kh8 15. f5
Bb7 16. Bd3 d5 17. exd5 Nxd5 18. Nxd5 Bxd5 19. Bg5 (19. f6 Bxf6 20. Rxf6 gxf6
21. Qh4) 19... f6 20. Be3 Bd6 21. Qh4 Qc6 22. Rf2 e4 23. Be2 Be5 24. Bh5 Bxb2
25. Bg6 Bg8 26. Ra2 Be5 27. g4 Rad8 28. g5 Qc4 29. Bxh7 Qxa2 (29... fxg5) 30.
Bg6+ 1-0

[Event "Est ch 2020 U18"]
[Site "?"]
[Date "2020.01.24"]
[Round "4.1"]
[White "Sadekov, Maksim"]
[Black "Chukavin, Kirill"]
[Result "0-1"]
[WhiteElo "1874"]
[BlackElo "2336"]
[PlyCount "48"]
[SourceVersionDate "2020.02.03"]

1. d4 Nf6 2. c4 e6 3. Nf3 d5 4. Nc3 c6 5. Bg5 h6 6. Bh4 dxc4 7. a4 Bb4 8. e3 b5
9. Nd2 Bb7 10. Qf3 a6 11. axb5 axb5 12. Rxa8 Bxa8 13. Be2 Nbd7 14. Qh3 Qa5 15.
Bxf6 Qa1+ 16. Bd1 Nxf6 17. Qg3 O-O 18. O-O Bxc3 19. bxc3 Qxc3 20. Nf3 b4 21.
Ne5 c5 22. Be2 Bd5 23. dxc5 Ne4 24. Qf4 g5 0-1

[Event "Est ch 2020 U18"]
[Site "?"]
[Date "2020.01.24"]
[Round "4.2"]
[White "Pedoson, Georg Aleksander"]
[Black "Andrijashkin, Deniss"]
[Result "1/2-1/2"]
[WhiteElo "2241"]
[BlackElo "1955"]
[PlyCount "80"]
[SourceVersionDate "2020.02.03"]

1. c4 g6 2. g3 Bg7 3. Bg2 c5 4. e3 e6 5. Ne2 Ne7 6. Nbc3 Nbc6 7. O-O O-O 8. Nf4
d6 9. a3 Rb8 10. Rb1 b6 11. d3 Bb7 12. Bd2 Qd7 13. Qa4 Rfd8 14. h4 Ra8 15. b4
Ne5 16. Qxd7 Rxd7 17. Bxb7 Rxb7 18. Kg2 h6 19. Rh1 Rd7 20. Rb3 Kh7 21. e4 N7c6
22. Rbb1 Nd4 23. Rhc1 Nec6 24. Nfe2 Nxe2 25. Nxe2 Nd4 26. Nc3 Nc6 27. f4 h5 28.
Rf1 Ne7 29. Rf3 Kg8 30. Re1 Rad8 31. Rf2 d5 32. cxd5 exd5 33. e5 Nf5 34. bxc5
bxc5 35. Na4 c4 36. e6 fxe6 37. Nc5 Bd4 38. Nxd7 Bxf2 39. Kxf2 Rxd7 40. Rxe6
Kf7 1/2-1/2

[Event "Est ch 2020 U18"]
[Site "?"]
[Date "2020.01.24"]
[Round "4.3"]
[White "Aga, Rihard"]
[Black "Protassov, Vlad"]
[Result "1/2-1/2"]
[WhiteElo "2057"]
[BlackElo "1957"]
[PlyCount "58"]
[SourceVersionDate "2020.02.03"]

1. d4 Nf6 2. c4 e6 3. Nc3 d5 4. Nf3 Be7 5. Bf4 O-O 6. e3 b6 7. cxd5 exd5 8. Bd3
Bb7 9. h3 c5 10. dxc5 bxc5 11. O-O Nc6 12. Rc1 g6 13. Re1 Rc8 14. a3 Qa5 15. e4
dxe4 16. Nxe4 Rfd8 17. Qe2 Nxe4 18. Bxe4 Bf6 19. Qc4 Bxb2 20. Rb1 (20. Ng5 $1
Rd7 21. Nxf7 Ba6 22. Nh6+ $1 Kg7 23. Qe6 Re7 24. Nf5+ gxf5 25. Qxf5 Kh8 (25...
Rxe4 26. Rxe4 Bxc1 27. Bh6+ Bxh6 28. Rg4+) 26. Bg5 Rg7 27. Bxc6 Rxc6 28. Re8+
Rg8 29. Rxg8+ Kxg8 30. Qd5+ Kf8 31. Qf3+ Kg7 32. Qxc6 Bxc1 33. Qf6+ Kg8 34.
Qe6+ Kg7 35. Bf6+ Kg6 36. Bc3+) 20... Ba6 21. Qa2 Bg7 22. Bxc6 Rxc6 23. Re7 c4
24. Qe2 c3 25. Qe3 c2 26. Re1 Qxe1+ (26... Bf8) (26... Qc3 27. Qxa7 Bf8 28.
Rxf7 Bc5 29. Rd7 Rdc8 30. Be5 Qxe1+ 31. Nxe1 Bxa7) 27. Nxe1 c1=Q 28. Qxc1 Rxc1
29. Bxc1 Bd4 1/2-1/2

[Event "Est ch 2020 U18"]
[Site "?"]
[Date "2020.01.24"]
[Round "4.4"]
[White "Savinov, Matvei"]
[Black "Uibokant, Mathias Robert"]
[Result "1/2-1/2"]
[WhiteElo "1857"]
[BlackElo "2126"]
[PlyCount "62"]
[SourceVersionDate "2020.02.03"]

1. Nf3 g6 2. g3 Bg7 3. Bg2 Nf6 4. O-O O-O 5. d3 d6 6. e4 e5 7. c3 c6 8. Re1 Bg4
9. Nbd2 Nbd7 10. h3 Bxf3 11. Nxf3 a5 12. d4 Qe7 13. Qc2 Ne8 14. b3 Nc7 15. Ba3
Rfd8 16. Rad1 Nb5 17. Bb2 Nc7 18. Ba3 b5 19. Rd2 Rac8 20. Red1 exd4 21. Nxd4
Bxd4 22. Rxd4 b4 23. Bb2 Nb5 24. R4d2 bxc3 25. Bxc3 Nxc3 26. Qxc3 Nc5 27. Qxa5
Ne6 28. f4 c5 29. Qc3 Nd4 30. Kh2 h5 31. Re1 h4 1/2-1/2

[Event "Est ch 2020 U18"]
[Site "?"]
[Date "2020.01.24"]
[Round "4.5"]
[White "Kull, Tormi"]
[Black "Pedmanson, Albert"]
[Result "0-1"]
[WhiteElo "1668"]
[BlackElo "1915"]
[PlyCount "110"]
[SourceVersionDate "2020.02.03"]

1. d4 Nf6 2. Bf4 c5 3. c3 cxd4 4. cxd4 d5 5. e3 Bf5 6. Nc3 Nc6 7. Qb3 Qb6 8.
Qxb6 axb6 9. Bb5 e6 10. a3 Bb4 11. Rc1 Bxc3+ 12. Rxc3 Rc8 13. f3 Ke7 14. Ne2
Nh5 15. Bg5+ f6 16. Bh4 g5 17. Bf2 Ng7 18. Ng3 Bg6 19. Kd2 Ne8 20. Rhc1 Kd7 21.
e4 Nd6 22. Bd3 b5 23. exd5 exd5 24. Rc5 b6 25. Rxd5 Bxd3 26. Kxd3 Ne7 27. Rxd6+
Kxd6 28. Ne4+ Kd7 29. Rxc8 Rxc8 30. Nxf6+ Ke6 31. Ne4 h6 32. h4 gxh4 33. Bxh4
Ng6 34. Bg3 Rc1 35. Nc3 Rg1 36. d5+ Kd7 37. d6 Rxg2 38. Ne4 Rxb2 39. Nf6+ Kd8
40. Ke4 Rb3 41. Bf2 Nf8 42. Bxb6+ Kc8 43. Bc5 Nd7 44. Nxd7 Kxd7 45. Kf4 Rc3 46.
Bb4 Rc4+ 47. Kg3 Ke6 48. Bd2 h5 49. f4 Kxd6 50. Kh4 Rd4 51. Bb4+ Kd5 52. Kg5 h4
53. f5 h3 54. f6 Ke6 55. Kg6 Rg4+ 0-1

[Event "Est ch 2020 U18"]
[Site "?"]
[Date "2020.01.24"]
[Round "4.6"]
[White "Uibokant, Karl Oskar"]
[Black "Rõtshagov, Nikita"]
[Result "1/2-1/2"]
[WhiteElo "1714"]
[BlackElo "1953"]
[PlyCount "82"]
[SourceVersionDate "2020.02.03"]

1. e4 e5 2. Nf3 Nc6 3. Bc4 Bc5 4. c3 Nf6 5. d3 O-O 6. O-O d5 7. exd5 Nxd5 8. h3
Nb6 9. Bb3 Bf5 10. Bc2 a5 11. Be3 Bxe3 12. fxe3 Bg6 13. Qe2 Nd5 14. Nbd2 a4 15.
Nc4 Qe7 16. Rae1 a3 17. e4 Nf4 18. Qd2 axb2 19. Bb1 b5 20. Nxb2 Ne6 21. d4 exd4
22. cxd4 Ncxd4 23. Nxd4 Qc5 24. Rc1 Qxd4+ (24... Qa7 25. Rfd1 Rfd8) 25. Qxd4
Nxd4 26. Rxc7 b4 27. Rc4 Ne2+ 28. Kf2 Nc3 29. Rxb4 f5 30. e5 Rfb8 31. Nd3 Rxb4
32. Nxb4 Ra4 33. a3 Rxa3 34. Nc6 Ra1 35. Bd3 Rxf1+ 36. Kxf1 Kf8 37. g4 Be8 38.
Nd4 fxg4 39. hxg4 g6 40. Kf2 Ke7 41. Kf3 Nd5 1/2-1/2

[Event "Est ch 2020 U18"]
[Site "?"]
[Date "2020.01.24"]
[Round "4.7"]
[White "Vaino, Nikita"]
[Black "Snitsarenko, Igor"]
[Result "1-0"]
[WhiteElo "1894"]
[BlackElo "1818"]
[PlyCount "73"]
[SourceVersionDate "2020.02.03"]

1. c4 Nf6 2. Nc3 g6 3. g3 Bg7 4. Bg2 O-O 5. e4 d6 6. Nge2 e5 7. O-O Nc6 8. d3
Bd7 9. f4 Rb8 10. Rb1 h5 11. fxe5 Nxe5 12. Bg5 Neg4 13. Qd2 Kh7 14. h3 Nh6 15.
Qf4 Nhg8 16. d4 Qc8 17. e5 dxe5 18. dxe5 Ne8 19. g4 hxg4 20. hxg4 Bxg4 21. Bf3
Bxf3 22. Rxf3 Bh6 23. Kg2 Ng7 24. Bxh6 Nxh6 25. Ng3 Qg4 26. Rh1 Qxf4 27. Rxf4
Ngf5 28. Nxf5 gxf5 29. Rxf5 Rg8+ 30. Kf3 Kg7 31. Rg5+ Kh7 32. Rgh5 Rg6 33. Nd5
Rh8 34. Ne7 Re6 35. Nf5 Kg6 36. Kf4 Nxf5 37. Rg5# 1-0

[Event "Est ch 2020 U18"]
[Site "?"]
[Date "2020.01.24"]
[Round "4.8"]
[White "Shnurov, Daniil"]
[Black "Nikitin, Arseni"]
[Result "1-0"]
[WhiteElo "1752"]
[BlackElo "1878"]
[PlyCount "85"]
[SourceVersionDate "2020.02.03"]

1. d4 Nf6 2. c4 g6 3. Nf3 Bg7 4. Nc3 d5 5. e3 c6 6. Bd3 O-O 7. O-O Nbd7 8. b3
Qa5 9. Bb2 Ne8 10. cxd5 cxd5 11. Ne2 f5 12. Nf4 Ndf6 13. h3 Bh6 14. Ne2 Nd6 15.
Ne5 Nfe4 16. a3 f4 17. b4 Qd8 18. exf4 Bxf4 19. Nxf4 Rxf4 20. Bc1 Rf6 21. Be3
Be6 22. Rc1 Qb6 23. Bxe4 Nxe4 24. Ng4 Bxg4 25. Qxg4 Nd6 26. Bg5 Rf7 27. Rc5 h5
28. Qe6 Ne4 29. Qxb6 axb6 30. Rxd5 Rxa3 31. Re1 Nxf2 32. Rxe7 Nxh3+ 33. gxh3
Ra1+ 34. Kg2 Ra2+ 35. Kg3 Ra3+ 36. Kh4 Rxe7 37. Bxe7 Kf7 38. Bd8 Rd3 39. Rb5
Re3 40. Bxb6 Kf6 41. Bd8+ Kf7 42. Rxb7+ Ke8 43. Re7+ 1-0

[Event "Est ch 2020 U18"]
[Site "?"]
[Date "2020.01.24"]
[Round "4.9"]
[White "Nazarov, Vladislav"]
[Black "Orgse, Karl Kristofer"]
[Result "0-1"]
[WhiteElo "1761"]
[BlackElo "1969"]
[PlyCount "90"]
[SourceVersionDate "2020.02.03"]

1. d4 Nf6 2. c4 e6 3. Nf3 d5 4. Nc3 Be7 5. Bg5 O-O 6. e3 Nbd7 7. Bd3 h6 8. Bh4
c6 9. O-O dxc4 10. Bxc4 Nd5 11. Bxe7 Qxe7 12. Nxd5 exd5 13. Bd3 Nf6 14. Qc2 g6
15. Ne5 Kg7 16. Rac1 h5 17. Qc5 Qxc5 18. Rxc5 Ne4 19. Rcc1 f6 20. Nf3 Nd6 21.
Nd2 h4 22. h3 g5 23. Kh2 Bd7 24. Nb3 Rae8 25. Nc5 Bc8 26. Rce1 f5 27. f4 g4 28.
Kg1 Kf6 29. Kf2 g3+ 30. Ke2 Re7 31. Kd2 b6 32. Nb3 Rd8 33. Rc1 Bb7 34. Na1 c5
35. Rg1 Nc4+ 36. Bxc4 dxc4 37. Rxc4 cxd4 38. Rxd4 Rxd4+ 39. exd4 Re4 40. Nc2
Rxf4 41. Ke3 Rf2 42. Ne1 Rxb2 43. Nf3 Bxf3 44. Kxf3 Rxa2 45. Rd1 Rf2+ 0-1

[Event "Est ch 2020 U18"]
[Site "?"]
[Date "2020.01.24"]
[Round "4.10"]
[White "Padari, Tuudur Jakob"]
[Black "Olde, Karl Erik"]
[Result "1/2-1/2"]
[WhiteElo "1629"]
[BlackElo "1940"]
[PlyCount "122"]
[SourceVersionDate "2020.02.03"]

1. Nf3 d5 2. c4 e6 3. e3 Nf6 4. d4 Be7 5. Nc3 O-O 6. Be2 b6 7. O-O Bb7 8. b3 c5
9. Bb2 Nc6 10. dxc5 dxc4 11. cxb6 cxb3 12. bxa7 bxa2 13. Rxa2 Rxa7 14. Rxa7
Nxa7 15. Qa1 Qb8 16. Rd1 Ng4 17. h3 Nf6 18. Ba3 Nc6 19. Nb5 Bxa3 20. Qxa3 Ne5
21. Nbd4 Bxf3 22. Bxf3 g6 23. Ra1 Rc8 24. Qa8 Qc7 25. Qb7 Qd8 26. Qb5 Qd6 27.
Qb7 Qd8 28. Qb5 Qd6 29. Qb7 Qf8 30. Qb5 Rc5 31. Qb7 Qd6 32. g3 Nfd7 33. Bg2 Rc4
34. Ra8+ Kg7 35. Qb2 Nf6 36. Qb8 Qxb8 37. Rxb8 Rc1+ 38. Kh2 Nfd7 39. Rb2 h5 40.
Rc2 Rd1 41. Bc6 Nf6 42. Bg2 g5 43. f4 Neg4+ 44. hxg4 Nxg4+ 45. Kh3 Nxe3 46.
Nxe6+ fxe6 47. Rc7+ Kf6 48. fxg5+ Kxg5 49. Rc5+ Nf5 50. Be4 Re1 51. Bxf5 exf5
52. Rc8 Re6 53. Rg8+ Rg6 54. Rf8 Rg7 55. Rh8 Kg6 56. Kh4 Rb7 57. Rg8+ Kf6 58.
Rh8 Rb4+ 59. Kh3 Rb1 60. Rf8+ Ke5 61. Rh8 Ke4 1/2-1/2

[Event "Est ch 2020 U18"]
[Site "?"]
[Date "2020.01.24"]
[Round "4.11"]
[White "Pedmanson, Herman"]
[Black "Tomson, Mihkel"]
[Result "1-0"]
[WhiteElo "1931"]
[BlackElo "1727"]
[PlyCount "31"]
[SourceVersionDate "2020.02.03"]

1. f4 d5 2. Nf3 Nf6 3. e3 c5 4. b3 Nc6 5. Bb2 e6 6. Bb5 Qb6 7. Bxc6+ Qxc6 8.
O-O Bd6 9. d3 Bd7 10. Ne5 Qb6 11. Qe2 O-O 12. Nd2 Rac8 13. Rf3 Rfd8 14. Rg3 Bf8
15. Nxd7 Nxd7 16. Bxg7 1-0

[Event "Est ch 2020 U18"]
[Site "?"]
[Date "2020.01.24"]
[Round "4.12"]
[White "Rikas, Artur"]
[Black "Savustjan, Arseni"]
[Result "1-0"]
[WhiteElo "1809"]
[BlackElo "1461"]
[PlyCount "59"]
[SourceVersionDate "2020.02.03"]

1. e4 e5 2. Nf3 Nc6 3. Bb5 d6 4. h3 Be6 5. d4 exd4 6. Nxd4 Nge7 7. Bg5 Bd7 8.
Nxc6 Bxc6 9. Bxc6+ bxc6 10. O-O Qd7 11. c3 Ng6 12. Nd2 Be7 13. Be3 d5 14. Qc2
O-O 15. Rad1 Rfd8 16. f4 dxe4 17. Nxe4 Qf5 18. g4 Qa5 19. Rxd8+ Rxd8 20. f5 Ne5
21. f6 Bf8 22. fxg7 Bxg7 23. Bd4 Qxa2 24. Bxe5 Bxe5 25. Ng5 Kf8 26. c4 Rd7 27.
Qf5 Bd4+ 28. Kh1 Ke8 29. Re1+ Re7 30. Qc8# 1-0

[Event "Est ch 2020 U18"]
[Site "?"]
[Date "2020.01.24"]
[Round "4.14"]
[White "Kuldmaa, Tanel"]
[Black "Makarov, Gleb"]
[Result "1-0"]
[WhiteElo "1666"]
[BlackElo "1671"]
[PlyCount "45"]
[SourceVersionDate "2020.02.03"]

1. d4 Nf6 2. Bf4 c5 3. e3 e6 4. Bd3 d5 5. c3 Bd6 6. Bg3 O-O 7. Nd2 Re8 8. Ngf3
Nc6 9. Ne5 Qc7 10. f4 Nd7 11. O-O f6 12. Qh5 g6 13. Bxg6 Ndxe5 14. fxe5 f5 15.
exd6 hxg6 16. Qxg6+ Qg7 17. Qxe8+ Qf8 18. d7 cxd4 19. Qxe6+ Kg7 20. Rxf5 Qd8
21. Rf7+ Kg8 22. Qg6+ Kh8 23. Rh7# 1-0

[Event "Est ch 2020 U18"]
[Site "?"]
[Date "2020.01.25"]
[Round "5.1"]
[White "Chukavin, Kirill"]
[Black "Pedoson, Georg Aleksander"]
[Result "1-0"]
[WhiteElo "2336"]
[BlackElo "2241"]
[PlyCount "51"]
[SourceVersionDate "2020.02.03"]

1. e4 d5 2. exd5 Qxd5 3. Nc3 Qd6 4. d4 Nf6 5. Nf3 c6 6. Ne5 g6 7. Bf4 Qd8 8.
Bc4 e6 9. Qf3 Bg7 10. O-O-O O-O 11. h4 Nbd7 12. g4 (12. h5 $1 Nxh5 13. Rxh5
gxh5 14. Qxh5 Nf6 15. Qh2 Re8 16. Bh6 Nd7 17. Ne4) 12... Nd5 13. Ne4 f6 14.
Nxd7 Bxd7 15. Nc5 b6 16. Nb7 Qc8 17. Nd6 Qd8 18. Bg3 a5 19. Bd3 (19. h5 g5 20.
h6 Bh8 21. Bd3 f5 22. gxf5 exf5 23. Rh5) 19... b5 (19... e5 20. h5 Be6 (20...
Qe7 21. hxg6 hxg6 22. Bxg6 Qxd6 23. Bh7+ Kf7 24. dxe5 Qb4 25. Rxd5 cxd5 26.
Qxd5+ Ke7 27. a3 Qxg4 28. exf6+ Rxf6 29. Qxa8) 21. hxg6 (21. Nf5 gxf5 22. gxf5
Bh6+ 23. Kb1 e4 24. Bxe4 Bf7) 21... Qxd6 22. Rxh7 Ra7 23. Rdh1 Nb4 24. Bxe5
Nxa2+ 25. Kd1 fxe5 26. Qh3) 20. Nb7 Qb6 21. Nc5 Rad8 22. h5 f5 23. hxg6 hxg6
24. gxf5 exf5 25. c3 b4 26. c4 1-0

[Event "Est ch 2020 U18"]
[Site "?"]
[Date "2020.01.25"]
[Round "5.2"]
[White "Andrijashkin, Deniss"]
[Black "Aga, Rihard"]
[Result "1/2-1/2"]
[WhiteElo "1955"]
[BlackElo "2057"]
[PlyCount "45"]
[SourceVersionDate "2020.02.03"]

1. e4 c6 2. Nf3 d5 3. Nc3 Bg4 4. h3 Bxf3 5. Qxf3 e6 6. Be2 Nf6 7. O-O dxe4 8.
Nxe4 Nbd7 9. d4 Nxe4 10. Qxe4 Nf6 11. Qd3 Qc7 12. Rd1 Bd6 13. a4 O-O 14. a5 h6
15. c3 Rad8 16. Qf3 Nd5 17. Bd2 Bf4 18. Be1 Rfe8 19. c4 Ne7 20. Bc3 e5 21. dxe5
Bxe5 22. Rxd8 Rxd8 23. Rd1 1/2-1/2

[Event "Est ch 2020 U18"]
[Site "?"]
[Date "2020.01.25"]
[Round "5.3"]
[White "Pedmanson, Albert"]
[Black "Vaino, Nikita"]
[Result "1/2-1/2"]
[WhiteElo "1915"]
[BlackElo "1894"]
[PlyCount "93"]
[SourceVersionDate "2020.02.03"]

1. d4 d5 2. Nf3 Nf6 3. Bf4 e6 4. e3 Bd6 5. Bg3 Ne4 6. c3 O-O 7. Nbd2 f5 8. Nxe4
fxe4 9. Ne5 Nd7 10. Be2 Nxe5 11. dxe5 Bc5 12. O-O Bd7 13. Bh5 Be8 14. b4 Bxh5
15. Qxh5 Bb6 16. Qe2 Qe7 17. Kh1 a5 18. a3 c5 19. b5 Bc7 20. f3 exf3 21. gxf3
Qg5 22. f4 Qf5 23. Rg1 Qe4+ 24. Rg2 Bb6 25. Qg4 Qf5 26. Qe2 Qe4 27. Bh4 Bd8 28.
Bg3 g6 29. Rag1 Be7 30. b6 c4 31. Qb2 Qxe3 32. Qb5 Rfd8 33. Qb2 Ra6 34. h4 Rxb6
35. Qc2 Qd3 36. Qf2 Rb1 37. h5 Rxg1+ 38. Qxg1 Kf7 39. Rb2 Qf3+ 40. Kh2 Qxh5+
41. Kg2 Bxa3 42. Rxb7+ Be7 43. Rxe7+ Kxe7 44. Qc5+ Kf7 45. Qc7+ Ke8 46. Qc6+
Kf7 47. Qc7+ 1/2-1/2

[Event "Est ch 2020 U18"]
[Site "?"]
[Date "2020.01.25"]
[Round "5.4"]
[White "Protassov, Vlad"]
[Black "Savinov, Matvei"]
[Result "1-0"]
[WhiteElo "1957"]
[BlackElo "1857"]
[PlyCount "59"]
[SourceVersionDate "2020.02.03"]

1. d4 Nf6 2. c4 g6 3. Nc3 Bg7 4. e4 d6 5. Be2 O-O 6. Nf3 Bg4 7. O-O Nbd7 8. h3
Bxf3 9. Bxf3 e5 10. d5 Ne8 11. Be2 f5 12. exf5 gxf5 13. f4 e4 14. Be3 h6 15.
Rc1 Kh7 16. Kh2 Rg8 17. g4 fxg4 18. Bxg4 Nef6 19. Bf5+ Kh8 20. Be6 Re8 21. Rc2
Nf8 22. f5 Nxe6 23. fxe6 Rg8 24. Rg2 Qe8 25. Rxg7 Rxg7 26. Rxf6 Rg6 27. Qd4 Kg7
28. Nxe4 Rxf6 29. Qxf6+ Kh7 30. Qxh6+ 1-0

[Event "Est ch 2020 U18"]
[Site "?"]
[Date "2020.01.25"]
[Round "5.5"]
[White "Shnurov, Daniil"]
[Black "Sadekov, Maksim"]
[Result "1/2-1/2"]
[WhiteElo "1752"]
[BlackElo "1874"]
[PlyCount "58"]
[SourceVersionDate "2020.02.03"]

1. d4 e6 2. c4 b6 3. Nf3 Bb7 4. Nc3 Bb4 5. Qc2 f5 6. Bg5 Nf6 7. a3 Bxc3+ 8.
Qxc3 O-O 9. g3 h6 10. Bxf6 Qxf6 11. Bg2 d6 12. O-O Nd7 13. Rac1 a5 14. Ne5 dxe5
15. dxe5 Nxe5 16. Bxb7 Rab8 17. Bg2 c5 18. b4 axb4 19. axb4 Rfd8 20. Rfd1 f4
21. b5 Kh8 22. Rd2 fxg3 23. hxg3 Rxd2 24. Qxd2 Rd8 25. Qc2 Rd4 26. Qb3 Rd2 27.
Qe3 Rd4 28. Qb3 Qd8 29. Ra1 Qf6 1/2-1/2

[Event "Est ch 2020 U18"]
[Site "?"]
[Date "2020.01.25"]
[Round "5.6"]
[White "Orgse, Karl Kristofer"]
[Black "Pedmanson, Herman"]
[Result "0-1"]
[WhiteElo "1969"]
[BlackElo "1931"]
[PlyCount "76"]
[SourceVersionDate "2020.02.03"]

1. e4 c6 2. d4 d5 3. Nd2 g6 4. c3 Bg7 5. Bd3 dxe4 6. Nxe4 Nf6 7. Ne2 O-O 8. O-O
Nxe4 9. Bxe4 Nd7 10. f4 Nf6 11. Bc2 Be6 12. f5 Bd5 13. Ng3 c5 14. dxc5 Qc7 15.
Be3 Rad8 16. Qe2 Nd7 17. Qf2 Nf6 18. Qe2 Nd7 19. c4 Bc6 20. Rab1 Be5 21. b4 b5
22. a4 bxc4 23. Qxc4 Bxg3 24. hxg3 Qxg3 25. Qe2 Bxg2 26. Qxg2 Qxe3+ 27. Rf2 Ne5
28. Rb3 Nd3 29. Rxd3 Rxd3 30. Bxd3 Qxd3 31. Qg4 Rd8 32. Kg2 Rd4 33. Rf4 Qd2+
34. Kg3 Qe1+ 35. Kf3 Rd3+ 36. Kg2 Rd2+ 37. Kf3 Rf2+ 38. Kg3 Qg1+ 0-1

[Event "Est ch 2020 U18"]
[Site "?"]
[Date "2020.01.25"]
[Round "5.7"]
[White "Rõtshagov, Nikita"]
[Black "Rikas, Artur"]
[Result "1-0"]
[WhiteElo "1953"]
[BlackElo "1809"]
[PlyCount "37"]
[SourceVersionDate "2020.02.03"]

1. e4 e6 2. f4 b6 3. Nf3 Bb7 4. d3 d5 5. e5 d4 6. Nbd2 Ne7 7. Qe2 Na6 8. a3 Nf5
9. Ne4 Qd5 10. g4 Ne7 11. Bg2 Nc6 12. O-O Qd7 13. b4 Ne7 14. Nfg5 Bd5 15. f5 h6
(15... exf5 16. gxf5 Nxf5 17. Bh3 Be6 18. Qf3) 16. Nxf7 Kxf7 17. fxe6+ Kxe6 18.
g5 Qc6 19. Qg4+ 1-0

[Event "Est ch 2020 U18"]
[Site "?"]
[Date "2020.01.25"]
[Round "5.8"]
[White "Nikitin, Arseni"]
[Black "Kull, Tormi"]
[Result "0-1"]
[WhiteElo "1878"]
[BlackElo "1668"]
[PlyCount "56"]
[SourceVersionDate "2020.02.03"]

1. e4 c6 2. d4 d5 3. e5 c5 4. c3 Bf5 5. Nf3 e6 6. Be3 Qb6 7. Qd2 Nc6 8. dxc5
Bxc5 9. Bxc5 Qxc5 10. Na3 a6 11. Rd1 b5 12. Nd4 Bg6 13. f4 Nge7 14. Be2 O-O 15.
Nac2 Rac8 16. Ne3 Nxd4 17. cxd4 Qb6 18. O-O Nf5 19. Nxd5 exd5 20. g4 Rc2 21.
Qb4 Rxe2 22. gxf5 Bxf5 23. Rf3 Qg6+ 24. Rg3 Qh5 25. h3 Rg2+ 26. Kxg2 Qe2+ 27.
Kg1 Qxd1+ 28. Kf2 Rc8 0-1